000 00419nam a2200145Ia 4500
008 210210b1998 xxu||||| |||| 00| 0 eng d
020 _a0 7432 2637 2
082 _a925.1 NASB
100 _aNASAR (Sylvia).
245 _aBeautiful mind: life of mathematical genius and Nobel Laureate John Nash.
260 _aNew York
_bSimon and Schuster Paperbacks
_c1998
300 _a619
690 _aBiography
906 _a061003
999 _c107856
_d107856